Введение в проектирование систем управления

Dades bibliogràfiques
Autor principal: Тищенко Н. М. Николай Михайлович
Idioma:rus
Publicat: Москва, Энергоатомиздат, 1986
Edició:2-е изд., перераб. и доп.
Matèries:
Format: MixedMaterials Llibre
KOHA link:https://koha.lib.tpu.ru/cgi-bin/koha/opac-detail.pl?biblionumber=38687

MARC

LEADER 00000nam0a2200000 4500
001 38687
005 20231031010419.0
035 |a (RuTPU)RU\TPU\book\39489 
090 |a 38687 
100 |a 20020314d1986 km y0rusy50 ca 
101 0 |a rus 
102 |a RU 
105 |a a z 001zy 
200 1 |a Введение в проектирование систем управления  |f Н. М. Тищенко 
205 |a 2-е изд., перераб. и доп. 
210 |a Москва  |c Энергоатомиздат  |d 1986 
215 |a 247 с.  |c ил. 
320 |a Библиогр.: с. 243-246. 
610 1 |a автоматика 
610 1 |a системы управления 
610 1 |a проектирование 
610 1 |a синтез 
610 1 |a конструирование 
610 1 |a надежность 
610 1 |a алгоритмы 
675 |a 681.51.001.6  |v 3 
700 1 |a Тищенко  |b Н. М.  |g Николай Михайлович 
801 1 |a RU  |b 63413507  |c 20020314  |g PSBO 
801 2 |a RU  |b 63413507  |c 20160902  |g PSBO 
900 |a Технические средства автоматизации 
942 |c BK